00896nam a22002537a 45000010005000000030006000050050017000110080041000280200018000690400029000870500014001160820017001301000020001472450058001672500047002252600038002723000044003105050008003545200161003625210021005235210020005446500037005647000041006015493FISKH20241212122840.0241212b cb ||||| |||| 00| 0 eng d a9780439339056 aFISKHbengcFISKHdFISKH aRJ496.A25 a362.19685889 aAbeel, Samantha aMy thirteenth winter :bA memoir /cby Samantha Abeel aThis edition was printing , September 2007 aNew York : bScholastic ;c2003.  a203 pages : billustrations ;c22 cm .  aZ  aA memoir in which Samantha Abeel discusses her life before and after being diagnosed with the math-related learning disability discalculia in seventh grade.8 a1050 bLexile 8 aZ bRaz-Plus  alearning disabilityvNon-fiction aAlbertson, Kristina eBook designer